| 000 | 01213cam a2200337 a 4500 | ||
|---|---|---|---|
| 001 | 2159257 | ||
| 003 | ARRUPE | ||
| 005 | 20151030112428.0 | ||
| 008 | 981104s1998 enk b 001 0 eng d | ||
| 010 | _a 99168709 | ||
| 015 | _aGB98-72174 | ||
| 020 | _a0750707895 | ||
| 020 | _a0750707887 (pbk.) | ||
| 035 | _a(OCoLC)40226583 | ||
| 040 |
_aUkNcU _cUkNcU _dUk _dNcWU _dDLC |
||
| 042 | _alccopycat | ||
| 043 | _ae-uk--- | ||
| 050 | 0 | 0 |
_aLC191.8G7 _bY68 1998 |
| 082 | 0 | 4 |
_a375.001 _221 |
| 100 | 1 |
_aYoung, Michael F. D. _920813 |
|
| 245 | 1 | 4 |
_aThe curriculum of the future : _bfrom the "new sociology of education" to a critical theory of learning / _cMichael F.D. Young. |
| 260 |
_aLondon ; _aPhiladelphia, PA : _bFalmer Press, _c1998. |
||
| 300 |
_aix, 204 p. ; _c24 cm. |
||
| 504 | _aIncludes bibliographical references (p. 184-193) and index. | ||
| 650 | 0 |
_aEducational sociology _zGreat Britain. _920814 |
|
| 650 | 0 |
_aEducation _xAims and objectives _zGreat Britain. _920815 |
|
| 650 | 0 |
_aEducation _xCurricula _zGreat Britain. _920793 |
|
| 906 |
_a7 _bcbc _ccopycat _d2 _encip _f19 _gy-gencatlg |
||
| 942 |
_2lcc _cMONOGRAPH |
||
| 999 |
_c123705 _d123705 |
||